| 000 | 00346 a2200157 4500 | ||
|---|---|---|---|
| 001 | 61325 | ||
| 020 | _a9788573256536 | ||
| 040 | _cAnchieta - Pituba | ||
| 100 | _aRue, Nancy | ||
| 240 | 1 | 0 |
_aLucy detesta cor-de-rosa _lpor |
| 245 | 1 | 0 | _aLucy detesta cor-de-rosa |
| 300 | _a302 | ||
| 362 | 0 | _a2011 | |
| 650 | 4 | _aLiteratura juvenil | |
| 942 | _cBK | ||
| 999 |
_c61325 _d61325 |
||